Most Common Words In English Starting With E - Statistics

General Stats
  • This quiz has been taken 5,627 times
    5,573 since last reset
  • The average score is 59 of 165
Answer Stats
Word % Correct
ear
94%
end
89%
eat
87%
ever
87%
east
85%
even
83%
enter
80%
every
80%
easy
77%
each
75%
egg
73%
earn
71%
effect
65%
everyone
65%
effort
64%
early
62%
event
62%
eye
62%
ease
60%
elect
59%
everything
59%
earth
58%
extra
58%
eastern
57%
exact
52%
election
51%
error
51%
era
50%
everybody
50%
exist
50%
entrance
49%
explain
49%
eager
48%
English
48%
evening
47%
expect
47%
effective
46%
else
46%
everywhere
46%
either
45%
extreme
45%
education
44%
eight
44%
entry
44%
exactly
44%
eventually
43%
example
43%
examination
42%
experience
42%
expert
42%
educate
41%
electric
41%
excellent
41%
exercise
41%
element
40%
energy
40%
entire
39%
equal
39%
examine
39%
emerge
38%
employ
38%
earnings
37%
engine
37%
estimate
37%
explanation
37%
entertainment
36%
empty
35%
explore
35%
extend
35%
edition
34%
editor
34%
efficient
34%
electricity
34%
emotion
34%
expectation
34%
express
34%
economic
33%
enough
33%
essential
33%
except
33%
expose
33%
easily
32%
economy
32%
employee
32%
enjoy
32%
emergency
31%
engineer
31%
explode
31%
extremely
31%
experiment
30%
edge
29%
employer
29%
enemy
29%
engage
29%
essay
29%
expand
29%
elementary
28%
evolution
28%
evolve
28%
existence
28%
expression
28%
emotional
27%
employment
27%
entirely
27%
etc
27%
expensive
27%
episode
26%
establish
26%
everyday
26%
executive
26%
explosion
26%
extension
26%
e-mail
25%
enable
25%
ensure
25%
especially
25%
exception
25%
European
24%
evidence
24%
exciting
24%
external
24%
eliminate
23%
engineering
23%
essentially
23%
elsewhere
22%
environment
22%
expense
22%
extent
22%
elite
21%
estate
21%
extraordinary
21%
elderly
20%
enormous
20%
establishment
20%
exceed
20%
economist
19%
educational
19%
effectively
19%
expansion
19%
economics
18%
educator
18%
efficiency
18%
encourage
18%
equally
18%
emission
17%
evaluate
17%
extensive
17%
exposure
16%
electronic
15%
evaluation
15%
existing
15%
environmental
14%
equipment
14%
exhibit
13%
embrace
12%
enhance
11%
enterprise
11%
ethics
11%
exhibition
11%
ethnic
10%
encounter
9%
exchange
9%
enforcement
7%
emphasis
5%
emphasize
5%
No matching quizzes found
Score Distribution
Percent of People with Each Score
Percentile by Number Answered
Your Score History
You have not taken this quiz since the last reset